000
00314nam a2200109Ia 4500
008
180205s9999 xx 000 0 und d
020
_a
9710861239
100
_a
Nocon, Ferdinand P.
245
_a
College algebra ;
_b
made simple for filipinos
260
_a
Pasig City
_b
National book store
_c
2000
300
_a
206 pages
999
_c
354692
_d
354692